Welcome to the Holygrace Academy Library

Please use search bar below to get started

ACCOUNTANCY (Record no. 624)

MARC details
000 -LEADER
fixed length control field 00291nam a22001217a 4500
020 ## - INTERNATIONAL STANDARD BOOK NUMBER
ISBN 81-8350-269-5
082 ## - DEWEY DECIMAL CLASSIFICATION NUMBER
Classification number 657
Item number GRE/A
100 ## - MAIN ENTRY--AUTHOR NAME
Personal name T.S.GREWAL
245 ## - TITLE STATEMENT
Title ACCOUNTANCY
Remainder of title CLASS XII
260 ## - PUBLICATION, DISTRIBUTION, ETC. (IMPRINT)
Place of publication DELHI
Name of publisher SULTAN CHAND & SONS
Year of publication 2009
650 ## - SUBJECT ADDED ENTRY--TOPICAL TERM
Topical Term ACCOUNTANCY FOR CLASS XII
Geographic subdivision INDIA
942 ## - ADDED ENTRY ELEMENTS (KOHA)
Koha item type Books
Holdings
Withdrawn status Lost status Collection code Home library Current library Shelving location Date acquired Source of acquisition Cost, normal purchase price Full call number Accession Number Koha item type
    Reference Main Library Main Library SHELF 10 C PLUS 2 ACCOUNTANCY 28/04/2011 purchase 275.00 657 GRE/A 05771 Books